000 01130nam a2200289 4500
003 OSt
005 20260530115256.0
008 260505b1967 nyua|||| |||| 00| 0 eng d
040 _aICI
_bspa
_cICI
041 _aeng
050 _aNK1510
_bP37 1967
100 1 _aEdwards, Edward B.,
_eautor
_930555
245 1 0 _aPattern and design with dynamic symmetry :
_bformerly titled dynamarhythmic design /
_cEdward B. Edwards,
264 1 _aNew York:
_bDover Publications,
_c1967
300 _a122 páginas :
_bilustraciones
336 _atexto
_2rdacontent
337 _asin medio
_2rdamedia
338 _avolumen
_2rdacarrier
520 _aEstudio sobre la simetría dinámica aplicada al diseño, abordando principios matemáticos, patrones y fundamentos geométricos en la composición artística.
650 _aDiseño,
_xPrincipios matemáticos.
_930556
650 _aSimetría en el arte.
_930557
650 _aComposición (arte)
_xTeoría.
_930558
650 _aPatrones (Diseño).
_930559
650 _aGeometría,
_xAplicaciones en el diseño.
_930560
650 _aEstética,
_xMatemáticas.
_930561
942 _2lcc
_cBK
_n1
999 _c12628
_d12628